Recent Development in Electronics and Communication Engineering/ (Record no. 199862)
[ view plain ]
| 000 -LEADER | |
|---|---|
| fixed length control field | 00690nam a22001937a 4500 |
| 005 - DATE AND TIME OF LATEST TRANSACTION | |
| control field | 20231228110239.0 |
| 010 ## - LCCN (DPL NO) | |
| LC control number | ENG-138792 |
| 020 ## - INTERNATIONAL STANDARD BOOK NUMBER | |
| International Standard Book Number | 9789393622129 |
| Terms of availability | 300 |
| 035 ## - SYSTEM CONTROL NUMBER | |
| System control number | EN-122324 |
| 037 ## - SOURCE OF ACQUISITION | |
| Source of stock number/acquisition | DBAD/PUB |
| 082 ## - DEWEY DECIMAL CLASSIFICATION NUMBER | |
| Classification number | 621.38275 |
| Edition number | 1 |
| 245 ## - TITLE STATEMENT | |
| Title | Recent Development in Electronics and Communication Engineering/ |
| Statement of responsibility, etc | Edited By Jacob Abraham |
| 250 ## - EDITION STATEMENT | |
| Edition statement | 1 |
| 260 ## - PUBLICATION, DISTRIBUTION, ETC. (IMPRINT) | |
| Place of publication, distribution, etc | Tamilnadu |
| Name of publisher, distributor, etc | Innovation Online Training Academy(IOTA) Publlishers |
| Date of publication, distribution, etc | 2022 |
| 270 ## - ADDRESS | |
| Address | 11c, Brindha Layout, Krishna Nagar, Coimbatore-1, |
| City | Tamiilnadu |
| Telephone number | 7825007500 |
| Electronic mail address | iotacbe@gmail.com |
| 300 ## - PHYSICAL DESCRIPTION | |
| Extent | 129p. |
| Dimensions | 25cm(pbk) |
| 700 ## - ADDED ENTRY--PERSONAL NAME | |
| 9 (RLIN) | 60332 |
| Personal name | Abraham, Jacob |
| Relator term | Editor |
| 942 ## - ADDED ENTRY ELEMENTS (KOHA) | |
| Source of classification or shelving scheme | Dewey Decimal Classification |
| Item type | English Books |
| Classification part | 621.38275 |
| Call number suffix | REC |
| Edition | 1 |
| Withdrawn status | Lost status | Not for loan | Collection code | Home library | Current library | Date acquired | Source of acquisition | Cost, normal purchase price | Full call number | Barcode | Copy number | Cost, replacement price | Koha item type |
|---|---|---|---|---|---|---|---|---|---|---|---|---|---|
| Non-fiction | Ashok Vihar | Ashok Vihar | 28/12/2023 | DBAD/PUB | 300.00 | 621.38275 REC | EN-122324 | 1 | 300.00 | English Books |
